| 000 | 00712pam a2200253 i 4500 | ||
|---|---|---|---|
| 001 | 2299914 | ||
| 003 | NUST - PNEC | ||
| 005 | 20170116181040.0 | ||
| 008 | 800508s1980 enka b 001 0 eng | ||
| 010 | _a 80040251 | ||
| 015 | _aGB80 | ||
| 020 | _a0080254683 : | ||
| 040 | _cLIBRARY | ||
| 082 | 0 | 0 | _a623.4519 GAR |
| 100 | 1 | _aGarnell, P. | |
| 245 | 1 | 0 |
_aGuided weapon control systems / _cby P. Garnell. |
| 250 | _a2d ed. | ||
| 260 |
_aOxford ; _aNew York : _bPergamon Press, _c1980. |
||
| 300 |
_ax, 244 p. : _bill. ; _c26 cm. |
||
| 504 | _aIncludes bibliographical references and index. | ||
| 650 | 0 |
_aGuided missiles _xMIS |
|
| 906 |
_a7 _bcbc _corignew _du _eocip _f19 _gy-gencatlg |
||
| 942 |
_2ddc _cBK |
||
| 999 |
_c68066 _d68066 |
||